|
|
|
|
| LEADER |
00000nab a2200000 a 4500 |
| 001 |
vtls000285378 |
| 003 |
SK-MaSNL |
| 005 |
20260303172850.0 |
| 008 |
111201c1987 xo 0 slo |
| 015 |
|
|
|a SNBRB19rr/mm-uuuuu
|
| 035 |
|
|
|a CL0295496
|
| 040 |
|
|
|a SNKBUCL
|b slo
|c SNKBUCL
|e AACR2
|
| 041 |
0 |
|
|a slo
|
| 044 |
|
|
|a xo
|c SK
|
| 080 |
|
|
|a 329.15(437.1/.2)
|2 1981
|
| 245 |
0 |
0 |
|a O naliehavých úlohách strany v súčasnej etape rozvoja
|b Z prejavu súdruha Gustáva Husáka na pracovnej návšteve v Juhočeskom kraji
|
| 610 |
|
7 |
|a Komunistická strana Československa
|2 snkbucl
|9 32256
|
| 651 |
|
7 |
|a 3301
|2 snkbucl
|9 922222
|
| 655 |
|
7 |
|a články z novín a časopisov
|2 snkbucl
|9 267496
|
| 773 |
0 |
|
|t Pravda
|g Roč. 68, č. 202 (29. 8. 1987), s. 1 a 2
|
| 850 |
|
|
|a Slovenská národná knižnica v Martine
|a MTA001
|
| 852 |
|
|
|a SNK
|b KIS3GCP
|
| 958 |
|
|
|a RK
|
| 992 |
|
|
|a RBX
|
| 999 |
|
|
|c 2089376
|d 2091306
|